000 00446nam a2200157Ia 4500
008 220531s9999 xx 000 0 und d
041 _amar
100 _aलांजेवार ज्‍योती.
_952426
245 _aभारतीय समाज आणि स्‍त्री
260 _bSugava
_c2005
300 _a204
542 _d18-02-2009
650 _aSociology
_952427
906 _d2008-2009
999 _c30432
_d30432